[Event "Kolkata Bengal op"]
[Site "Kolkata"]
[Date "2019.03.15"]
[Round "1"]
[White "Neelash, Saha"]
[Black "Sagnik, Ray"]
[Result "1-0"]
[WhiteElo "2310"]
[BlackElo "1115"]
[PlyCount "113"]
[EventDate "2019.03.15"]
[EventType "swiss"]
[EventRounds "9"]
[EventCountry "IND"]
[SourceTitle "CBM 190 Extra"]
[Source "ChessBase"]
[SourceDate "2019.07.15"]
[SourceVersion "1"]
[SourceVersionDate "2019.07.15"]
[SourceQuality "1"]

1. d4 Nf6 2. Bg5 g6 3. Bxf6 exf6 4. e3 Bg7 5. g3 d5 6. Bg2 c6 7. Ne2 Na6 8. 0-0 0-0 9. Nd2 f5 10. a4 Be6 11. c3 c5 12. dxc5 Nxc5 13. Qc2 Qc7 14. Rfd1 Rfd8 15. Nf3 Ne4 16. Nfd4 a6 17. Nf4 Qe7 18. Qb3 Rd7 19. Qb6 Rd6 20. Qb4 Rc8 21. Qa3 Qd7 22. Nb3 Bf8 23. Qa2 Rd8 24. Nd4 Bg7 25. Nd3 b6 26. a5 Nc5 27. axb6 Nxd3 28. Rxd3 Rxb6 29. Rd2 Rdb8 30. Bf1 Bxd4 31. exd4 Qd6 32. f4 R8b7 33. Qb1 Bd7 34. Ra5 Bb5 35. Qa2 Bxf1 36. Kxf1 Rd7 37. Re2 Qc6 38. Qa3 Qd6 39. Qa4 Qc6 40. Qxc6 Rxc6 41. Ke1 Rdd6 42. Re5 Rb6 43. b4 Rb5 44. Rxb5 axb5 45. Re8+ Kg7 46. Rb8 Rc6 47. Kd2 Ra6 48. Rxb5 Ra2+ 49. Ke3 Rxh2 50. Rxd5 Rg2 51. Kf3 Rc2 52. Rc5 Kf6 53. b5 Ke7 54. b6 Rb2 55. Rc6 Kd7 56. d5 h5 57. c4 1-0